Quizzes
Events
Quiz Creation
Community
Videos
Private Events
Remove Ads
Sign In
Join for FREE
Feedback
Dark Mode
Quiz Categories
Sports
Geography
Music
Movies
Television
Just For Fun
Miscellaneous
History
Literature
Language
Science
Gaming
Entertainment
Religion
Holiday
For Kids
Quiz Lab
Recent
Popular Today
Quiz Kudos Today
Editor Picks
Curator Picks
Quizzes by...
Day
Popularity
Type
Ratings
Length
Year
Community
Subscriptions
Recent Discussions
Orange Saloon
Badges
Playlists
Quests
Create
Leaderboards
Showdown
Live 5
Trivia Bingo
Activity
Puzzle Library
Sporcle Events
Private Events
Virtual Trivia
Globe League
Become a Host
Pub Owners
SporcleCon
Opinionation
Our Games
Videos
Blog
Mobile Apps
Partnerships
Remove Ads and Go Orange
Feedback
Sports
Athletes
MLB
NBA
NHL
NFL
Soccer
Sports Teams
WWE
NCAA
Football
Premier League
Basketball
Baseball
Hockey
Golf
Tennis
Cricket
Rugby
Auto Racing
Olympics
World Cup
Sports
Athletes
MLB
NBA
NHL
NFL
Soccer
Sports Teams
WWE
NCAA
Football
Premier League
Basketball
Baseball
Hockey
Golf
Tennis
Cricket
Rugby
Auto Racing
Olympics
World Cup
Random Quiz
Search Sporcle
×
Quiz Lab
Quiz Lab
Sports
Basketball
Type in answers that appear in a list
Type in answers that appear in a list
Classic
Best Score? Go Orange.
Last 200 NBA Players to have 20 Points and 10 Assists Stats
Can you name the Last 200 NBA Players to have at least 20 Points and 10 Assists in a Game?
By
Fanman
20m
200 Questions
2,301 Plays
2,301 Plays
2,301 Plays
Comments
Comments
Give Quiz Kudos
Give Quiz Kudos
-
- Ratings
hide this ad
More Info
Replay
Link that replays current quiz
Next Quiz
Link to next quiz in quiz playlist
You Got
0%
They Got
Avg Score
48%
Avg Friend Score
Upgrade to see
Score Distribution
Jump to the score distribution portion of the page
Score
0/200
Timer
20:00
0
Plays Today
Team(s)
Player
% Correct
CLE/
MIA
LeBron James
90.6%
TOR
Mike James
90.3%
DAL/
PHO
Steve Nash
82.3%
NOH
Chris Paul
81.2%
DAL/
PHO/
NJN/
DAL
Jason Kidd
80.2%
PHI/
DEN
Allen Iverson
79.4%
NOH
David West
79.4%
BOS
Delonte West
79.4%
SAS/
DEN
Avery Johnson
79.1%
PHO/
ATL
Joe Johnson
79.1%
PHO
Kevin Johnson
79.1%
CHH
Larry Johnson
79%
LAL
Magic Johnson
79%
DEN
Carmelo Anthony
79%
VAN
Greg Anthony
78.8%
LAL
Kobe Bryant
78.2%
UTA/
NJN
Deron Williams
78.2%
SAC/
MEM/
MIA
Jason Williams
78.2%
CHI
Jay Williams
78.2%
MIL/
CLE
Mo Williams
78.2%
SAS
Tony Parker
78.1%
NJN
Terrence Williams
78.1%
MIL/
SEA
Ray Allen
78.1%
CHI/
WAS
Michael Jordan
77.7%
GSW
Stephen Curry
77.3%
OKC
Russell Westbrook
76.4%
MIA
Dwyane Wade
74.8%
CLE/
LAC/
DEN/
PHI/
POR
Andre Miller
73.8%
SAC
Brad Miller
73.8%
MEM
Mike Miller
73.7%
DEN
Anthony Carter
73.7%
TOR/
NJN
Vince Carter
73.7%
CHI
Derrick Rose
73.6%
IND/
CHI/
TOR
Jalen Rose
73.6%
BOS
Paul Pierce
73.3%
BOS
Rajon Rondo
73.1%
MIN/
DET/
DEN
Chauncey Billups
72.8%
ATL
Josh Smith
72.8%
ATL
Steve Smith
72.8%
CHH/
NOH/
GSW/
LAC
Baron Davis
72.3%
CLE/
MIN
Ricky Davis
72.3%
UTA
John Stockton
72.3%
ORL/
HOU
Tracy McGrady
72.1%
SAS
Manu Ginobili
71.8%
IND/
DEN/
IND/
TOR
Mark Jackson
71.5%
ATL/
GSW/
CHA
Stephen Jackson
71.5%
NJN/
GSW
Jim Jackson
71.5%
POR
Jarrett Jack
71.4%
SAS
Tim Duncan
71.4%
DEN
Mahmoud Abdul-Rauf
71.2%
MIN
Kevin Garnett
70.8%
MEM
Marc Gasol
69.4%
MEM/
LAL
Pau Gasol
69.4%
SEA/
MIL/
LAL/
BOS
Gary Payton
69%
WAS
John Wall
69%
GSW/
WAS/
ORL
Gilbert Arenas
68.6%
CHI/
HOU
Scottie Pippen
67.8%
VAN/
SAC/
ATL
Mike Bibby
67.2%
CHA
Gerald Wallace
65.4%
DAL
Dirk Nowitzki
65%
NYK
Nate Robinson
65%
MIL
Glenn Robinson
65%
DET
Richard Hamilton
64.8%
DET
Grant Hill
64.5%
BOS/
DAL
Antoine Walker
63.9%
GSW
Monta Ellis
63.7%
LAL/
CHH
Eddie Jones
62.9%
Team(s)
Player
% Correct
MIL
Damon Jones
62.9%
ORL
Jameer Nelson
62.8%
ORL/
PHO
Penny Hardaway
62%
GSW/
MIA
Tim Hardaway
62%
UTA
Karl Malone
61.8%
MIN/
NJN/
PHO/
NYK
Stephon Marbury
61.7%
WSB/
SAC
Chris Webber
60.1%
HOU/
ORL/
NYK
Steve Francis
59.7%
LAC
Eric Gordon
59%
CLE/
CHA
Derek Anderson
58.8%
NJN/
CHH/
POR/
BOS
Kenny Anderson
58.8%
NJN
Richard Jefferson
57.9%
GSW/
UTA
Derek Fisher
57.5%
POR
Brandon Roy
57.3%
MEM
Mike Conley
56.3%
HOU/
PHO/
NJN/
MIL/
MIN/
LAC
Sam Cassell
56.2%
ATL/
DAL
Jason Terry
55.6%
NJN
Devin Harris
55.5%
CHA/
NYK/
DEN
Raymond Felton
55.1%
CHI
Kirk Hinrich
54.4%
PHI
Andre Iguodala
54.3%
WAS
Caron Butler
53.9%
HOU
Hakeem Olajuwon
53.6%
TOR/
POR
Damon Stoudamire
53.4%
LAC/
MIA/
LAL
Lamar Odom
52.6%
DET
Tayshaun Prince
51.8%
VAN
Shareef Abdur-Rahim
51.6%
PHO/
HOU
Charles Barkley
51.3%
MIL
Brandon Jennings
51.1%
GSW/
NYK
Latrell Sprewell
50.2%
PHI/
DET/
WAS
Jerry Stackhouse
49.8%
HOU
Clyde Drexler
49.5%
LAC
Blake Griffin
49.3%
CHI/
NYK
Jamal Crawford
49.3%
WAS
Jordan Crawford
49.2%
TOR
Jose Calderon
48.8%
BOS
Dee Brown
48.7%
PHO/
DAL
Michael Finley
48.6%
UTA
Andrei Kirilenko
48.6%
SAC
Tyreke Evans
46.8%
HOU
Kyle Lowry
46.6%
HOU
Aaron Brooks
46.1%
DEN
Ty Lawson
45.9%
NYK
Patrick Ewing
45.5%
NYK
David Lee
45.5%
CLE/
GSW
Mark Price
44.9%
WSB
Brent Price
44.9%
PHI
Eric Snow
44.8%
IND
Jamaal Tinsley
44.5%
LAL/
DEN/
DAL/
POR
Nick Van Exel
44.3%
UTA
Carlos Boozer
44.2%
NYK/
DAL/
ORL
Derek Harper
44.2%
SAC/
ORL
Hedo Turkoglu
43.7%
CLE/
ATL/
MEM/
CHA
Brevin Knight
41.9%
CHH/
NOH
Jamal Mashburn
41.8%
HOU/
SAC/
LAC
Cuttino Mobley
41.2%
SAC/
WAS
Mitch Richmond
40.7%
ORL/
NOH
Darrell Armstrong
40.6%
GSW/
WAS
Larry Hughes
40.6%
DET
Rodney Stuckey
40.4%
NOH/
IND
Darren Collison
39.9%
MEM
OJ Mayo
39.7%
UTA
Jeff Hornacek
39.6%
MIL/
TOR/
IND
TJ Ford
39.4%
SEA/
MIL/
MIN
Luke Ridnour
38.2%
POR/
WSB/
WAS/
MIA
Rod Strickland
37.9%
PHI
Jrue Holiday
37.5%
Team(s)
Player
% Correct
CHH
Muggsy Bogues
37.5%
SEA
Brent Barry
37.1%
DET
Jon Barry
37.1%
TOR/
HOU
Rafer Alston
36.5%
GSW
John Starks
36%
ATL
Jeff Teague
36%
TOR/
SAC
Doug Christie
35.8%
CLE/
MIL/
MIN
Terrell Brandon
35%
BOS/
CHH
David Wesley
33.9%
CHH
Anthony Mason
32.6%
CHA
DJ Augustin
32.5%
PHO/
CHA
Boris Diaw
32.4%
ATL/
GSW
Mookie Blaylock
30.9%
UTA
Raul Lopez
30.8%
DET
Will Bynum
29.6%
MIN
Wally Szczerbiak
29.3%
CHI/
NYK
Chris Duhon
28.5%
PHI
Aaron McKie
28.3%
CHI/
ATL
Toni Kukoc
28.2%
POR/
LAC
Steve Blake
28%
MIL/
CLE
Ramon Sessions
27.9%
HOU
Trevor Ariza
27.3%
GSW
CJ Watson
27.2%
SEA
Earl Watson
27.2%
SEA/
IND
Flip Murray
27.2%
DET
Lindsey Hunter
26.4%
SAC
Beno Udrih
24.7%
PHI/
BOS
Dana Barros
24.7%
SAS/
SEA
Antonio Daniels
24.6%
PHI
Vernon Maxwell
23.6%
NYK
Toney Douglas
23%
MIL/
NJN
Sherman Douglas
23%
MIN/
WAS
Randy Foye
22.7%
PHO
Matt Barnes
21.8%
SAC
John Salmons
21.1%
NJN
Chris Childs
20.9%
CLE/
DEN
Earl Boykins
20.9%
LAC/
MIN
Troy Hudson
20.7%
BOS/
LAL/
MEM
Chucky Atkins
20.6%
IND
Travis Best
19.7%
LAC
Jeff McInnis
19.1%
VAN
Michael Dickerson
18.9%
ATL
Tyronn Lue
18.6%
NJN
Jordan Farmar
18.4%
MIN
Sebastian Telfair
18.3%
UTA
Howard Eisley
17.3%
CLE/
ATL
Bob Sura
16.7%
ORL
Bo Outlaw
16.3%
GSW
Speedy Claxton
15.8%
CLE
Bobby Phills
15.7%
GSW
Vonteego Cummings
14.7%
LAC
Keyon Dooling
14.6%
WAS
Andray Blatche
14.5%
DEN/
WSB/
NJN/
DAL/
DEN
Robert Pack
13.5%
CLE
Dajuan Wagner
13.1%
PHO
Elliot Perry
12.3%
HOU
Bryce Drew
12%
SAS/
DEN
Cory Alexander
12%
NOH
Dan Dickau
11.9%
WAS
Chris Whitney
11.2%
CHI
Fred Hoiberg
10.9%
POR
Sergio Rodriguez
10.8%
PHI
Rex Walters
9.3%
ORL
Anthony Bowie
8.6%
LAC
Terry Dehere
8.4%
CHH
Anthony Goldwire
8.3%
Quiz Playlist
Details
Report
Send in Message
Add To Playlist
More Info:
Dates from 1994-1995 to 2010-2011 CHH=Charlotte Hornets VAN=Vancouver Grizzlies WSB=Washington Bullets
Classic:
Type in answers that appear in a list
Last Updated: Feb 16, 2017
Quiz Scoreboard
CHALLENGE
Sign Up to Join the Scoreboard
Show All
Scores
Hide
Comments
May contain spoilers
Recently Published
Popular People in 1961
by mucciniale
History
6m
1-10 Letter E Words III
by El_Dandy
Language
2m
One Thing in Common: World Cities II
by knightlancer
Geography
7m
More to Explore
Quiz From the Vault
Featured Blog Post
Where Did the Easter Bunny Come From?
hide this ad
You Might Also Like...
Tags
Basketball Quiz
NBA Quiz
200
assist
last
NBA Player
Points Leaders
Today's Top Quizzes in Sports
Browse Sports
hide this ad
Today's Top Quizzes in Basketball
Browse Basketball
Top Contributed Quizzes in Sports
1
Les meilleurs buteurs des matchs entre le PSG et l’OM
2
Les entraîneurs de l'OM et du PSG au 21e siècle
3
2022 World Cup Stars
4
FIFA Club World Cup Champions
5
Name the Premier League winners with different clubs
6
La finale Lions - Afrique du Sud 2021
7
Criteria MLB: Left Handed Sluggers
8
Players with Multiple 50 Home Run Seasons
9
MLB Players with Two .350 Batting Average Seasons
10
MLB Hall of Famer by Rings
Explore More
Trending Topics
Anime
NBA
Disney
Harry Potter
Kpop
Crossword
Marvel
WWE
Song
NFL
Country
Pokémon
Puzzle
The Office
Soccer
hide this ad
More By:
Fanman
Quiz
Plays
Rating
Category
Featured
Created
3000 Passing Yards in Season (2000s)
7,176
4.05
Sports
Sep 20, 2010
2014-2015 NBA Awards Voting
3,472
4.92
Sports
May 7, 2015
2000-2005 Top Fantasy Football ADP
3,331
4.50
Sports
Sep 20, 2010
Last 200 NBA Players to have 20 Points and 10 Assists
2,301
4.77
Sports
Dec 3, 2011
Most NBA Turnovers by Team (2000-2011)
817
4.47
Sports
Apr 28, 2011
Go to Creator's Profile
Score Distribution
Quiz Creator Spotlight
Fanman
Follow
Send a Message
Quizzes Created
-
Created Quiz Play Count
-
More By This Creator
Popular Quizzes Today
1
Find the US States - No Outlines Minefield
2
The Countries of the World
3
Find the Countries of Europe - No Outlines Minefield
4
Popular People in 1961
5
1-10 Letter E Words III
6
Find the US States
7
One Thing in Common: World Cities II
8
US States
More Sports Quizzes
MLB RBI Leaders by Team (2000s)
Published
Trending Quizzes
Risky Map Clicking: Least Populous States A-Z
1-10 Letter F Words
1-10 Letter G Words
One Thing in Common: United Kingdom
Risky Map Clicking: Next State Alphabetically
Recently Updated
Leaping Animals
pecheneg
Reality TV Shows (A-Z)
bhenderson79
Rickey Henderson's Hall of Fame Teammates
pecheneg
Champions League XIs: Arsenal
pecheneg
Quick Pick: Celebrities in WWE's Hall of Fame
aduchscher
A-Z Keypad Blitz II
pecheneg
Multiple Oscar Actors
pecheneg
Mystery Phrase Blitz: Oscar 'Best Actors'
pecheneg
F. Scott Fitzgerald Novels
LTH
Pick 3 Villains
ddd62291
Trending Topics
Disney
Harry Potter
Kpop
Anime
Marvel
NBA
Crossword
Pokémon
Puzzle
Song
Soccer
Country
WWE
The Office
NFL
Your Account Isn't Verified!
In order to create a playlist on Sporcle, you need to verify the email address you used during registration. Go to your
Sporcle Settings
to finish the process.
Report this User
Report this user for behavior that violates our
Community Guidelines
.
Details:
Send Report
Go to the Sporcle.com Mobile Site →
Comments